000 01301nam a2200361Ia 4500
001 ebr10201211
003 CaPaEBR
006 m u
007 cr cn|||||||||
008 020729s2002 njuab sb 001 0 eng d
010 _z 2002510659
020 _z9789810249380
020 _z9789812777539
020 _z9810249381
020 _z981024939X
040 _aCaPaEBR
_cCaPaEBR
035 _a(OCoLC)181654795
050 1 4 _aQH442
_b.L56 2002eb
100 1 _aLim, Hwa A.
245 1 0 _aGenetically yours
_h[electronic resource] :
_bbioinforming, biopharming, biofarming /
_cHwa A. Lim.
260 _aRiver Edge, NJ :
_bWorld Scientific,
_cc2002.
300 _axxi, 417 p. :
_bill., maps (some col.)
504 _aIncludes bibliographical references and index.
533 _aElectronic reproduction.
_bPalo Alto, Calif. :
_cebrary,
_d2009.
_nAvailable via World Wide Web.
_nAccess may be limited to ebrary affiliated libraries.
650 0 _aGenetic engineering.
650 0 _aBiotechnology.
650 0 _aHuman genome.
650 0 _aCloning.
650 0 _aBioinformatics.
655 7 _aElectronic books.
_2local
710 2 _aebrary, Inc.
856 4 0 _uhttp://site.ebrary.com/lib/rucke/Doc?id=10201211
_zAn electronic book accessible through the World Wide Web; click to view
999 _c119516
_d119516